Carregant...

ഊത്താല

Dades bibliogràfiques
Autors principals: വി എച്ച് ദിരാര്‍, V H Dirar
Format: Printed Book
Publicat: Kanoor; Samskrithi; 1995
Edició:1st
Matèries:
LEADER 00651nam a22001817a 4500
082 |a 894.M107  |b RID/O N5 
100 |a വി എച്ച് ദിരാര്‍  |9 166237 
100 |a V H Dirar  |9 166238 
240 |a OOthala 
245 |a ഊത്താല 
250 |a 1st 
260 |a Kanoor;  |b Samskrithi;  |c 1995 
300 |a 115p. 
650 |a മലയാളം ; കവിതാപഠനം   |9 166239 
650 |a Malayalam; Poemstudy  |9 166240 
942 |c BK 
999 |c 62723  |d 62723 
952 |0 0  |1 0  |4 0  |6 894_000000000000000_M107_RID_O_N5  |7 0  |8 POES  |9 75164  |a MAL  |b MAL  |d 2016-10-03  |e 41998  |g 35.00  |l 0  |o 894.M107 RID/O N5  |p MAL0414998  |r 2016-10-03  |t 2  |w 2016-10-03  |y BK